| 000 | 00364nam a22001577a 4500 | ||
|---|---|---|---|
| 003 | SGT | ||
| 020 | _a9788131253359 | ||
| 082 |
_a610.7362 _bW18H |
||
| 100 | _aHOCKENBERRY, MARIYN J. | ||
| 245 | _aWONG'S ESSENTIALS OF PEDIATRIC NURSING | ||
| 250 | _a2ND | ||
| 260 |
_aINDIA _bELSEVIER PUB |
||
| 300 | _a990 | ||
| 650 | _aPEDIATRICS NURSING | ||
| 942 |
_2ddc _cBK |
||
| 999 |
_c21946 _d21946 |
||